LEADER 01147cam0-22003731i-450 001 990000008280403321 005 20260224153559.0 035 $a000000828 035 $aFED01000000828 035 $a(Aleph)000000828FED01 035 $a000000828 100 $a20020821d1953----km-y0itay50------ba 101 1 $aita$ceng 102 $aIT 105 $aa-------001yy 200 1 $aChimica quantistica$ela dottrina della chimica secondo le moderne teorie quantistiche$fHenry Eyring, John Walter, George E. Kimball 210 $aFirenze$cSansoni edizioni scientifiche$d1953 215 $aXII, 387 p.$cill.$d24 cm 454 0$12001$aQuantum chemistry$94546210 610 0 $aChimica quantistica 676 $a541.28$v20$zita 700 1$aEyring,$bHenry$0718 701 1$aKimball,$bGeorge Elbert$f<1906- >$0719 701 1$aWalter,$bJohann$046658 801 0$aIT$bUNINA$gRICA$2UNIMARC 901 $aBK 912 $a990000008280403321 952 $a13 B 15 15$b20821$fFINBC 952 $a36B-004$b265$fFI1 952 $a36B-004.003$b3721$fFI1 959 $aFINBC 959 $aFI1 996 $aQuantum chemistry$94546210 997 $aUNINA